Significance of transient receptor potential vanilloid 4 and aquaporin 5 co-expression in the rat uterus at term

Elmentve itt :
Bibliográfiai részletek
Szerzők: Ducza Eszter
Csányi Adrienn
Szőke Éva
Pohóczky Krisztina
Hajagos-Tóth Judit
Kothencz Anna
Gáspár Róbert
Dokumentumtípus: Cikk
Megjelent: 2019
Sorozat:HELIYON 5 No. 10
doi:10.1016/j.heliyon.2019.e02697

mtmt:30856818
Online Access:http://publicatio.bibl.u-szeged.hu/17206
LEADER 00936nab a2200265 i 4500
001 publ17206
005 20191031122537.0
008 191031s2019 hu o 0|| zxx d
022 |a 2405-8440 
024 7 |a 10.1016/j.heliyon.2019.e02697  |2 doi 
024 7 |a 30856818  |2 mtmt 
040 |a SZTE Publicatio Repozitórium  |b hun 
041 |a zxx 
100 1 |a Ducza Eszter 
245 1 0 |a Significance of transient receptor potential vanilloid 4 and aquaporin 5 co-expression in the rat uterus at term  |h [elektronikus dokumentum] /  |c  Ducza Eszter 
260 |c 2019 
300 |a Terjedelem: 8 p-Azonosító: e02697 
490 0 |a HELIYON  |v 5 No. 10 
700 0 1 |a Csányi Adrienn  |e aut 
700 0 1 |a Szőke Éva  |e aut 
700 0 1 |a Pohóczky Krisztina  |e aut 
700 0 2 |a Hajagos-Tóth Judit  |e aut 
700 0 2 |a Kothencz Anna  |e aut 
700 0 2 |a Gáspár Róbert  |e aut 
856 4 0 |u http://publicatio.bibl.u-szeged.hu/17206/1/Heiyon.pdf  |z Dokumentum-elérés